Discursos de recepción leídos en la Real Academia de Ciencias Morales y Políticas (Record no. 172982)

MARC details
000 -LEADER
campo de control de longitud fija 02555nas a2200325 i 4500
001 - NÚMERO DE CONTROL
campo de control 172982
003 - IDENTIFICADOR DE NÚMERO DE CONTROL
campo de control ES-MaACL
005 - FECHA Y HORA DE LA ÚLTIMA TRANSACCIÓN
campo de control 20251108164634.0
007 - CAMPO FIJO DE DESCRIPCIÓN FÍSICA--INFORMACIÓN GENERAL
campo de control de longitud fija t|
008 - DATOS DE LONGITUD FIJA--INFORMACIÓN GENERAL
campo de control de longitud fija 091001d1914 sp a| | ||pa d
080 ## - NÚMERO DE LA CLASIFICACIÓN DECIMAL UNIVERSAL
Número de la Clasificación Decimal Universal 3 : 061.12(460)
110 2# - ENTRADA PRINCIPAL--NOMBRE DE ENTIDAD CORPORATIVA
Nombre de entidad corporativa o nombre de jurisdicción como elemento de entrada Real Academia de Ciencias Morales y Políticas (España)
9 (RLIN) 222050
245 10 - MENCIÓN DEL TÍTULO
Título Discursos de recepción leídos en la Real Academia de Ciencias Morales y Políticas
Fechas predominantes 1914.
260 ## - PUBLICACIÓN, DISTRIBUCIÓN, ETC.
Lugar de publicación, distribución, etc. Madrid :
Nombre del editor, distribuidor, etc. [s. n.],
Fecha de publicación, distribución, etc. 1914 (Est. Tip. de Jaime Ratés)
300 ## - DESCRIPCIÓN FÍSICA
Extensión 1 v. ;
Dimensiones 26 cm.
505 80 - NOTA DE CONTENIDO CON FORMATO
Nota de contenido con formato Contiene: Tomo IX: Justicia social / Eduardo Dato Iradier (170 p.). Contestación / Amós Salvador y Rodrigáñez (p. 171-186). La actual orientación del derecho penal y de la lucha contra el delito / Félix de Aramburu y Zuloaga (p. 187-271). Contestación / Eduardo Sanz y Escartín (p. 272-293). Las modernas ideas de organización social y nuestras antiguas leyes y costumbres / Javier Ugarte y Pagés (p. 295-368). Contestación / Vicente Santamaría de Paredes (p. 369-384). La ley mercantil como lazo de unión entre España y las repúblicas hispano-americanas / Faustino Álvarez del Manzano y Álvarez Rivera (p. 385-434). Contestación / Francisco Javier González de Cestejón y Elío, Marqués de Vadillo (p. 435-449). De la educación moral / Juan Armada Losada (p. 451-524). Contestación / Javier Ugarte y Pagés (p. 525-544). Problemas urgentes de la primera enseñanza en España / Rafael Altamira y Crevea (p. 545-622). Contestación / Amós Salvador y Rodrigáñez (p. 623-643). Una tradición jurídica española: la autoridad paterna como el poder conjunto y solidario del padre y de la madre / Rafael de Ureña y Smenjaud (p. 645-707). Contestación / Félix de Aramburu y Zuloaga (p. 709-729).
700 1# - ENTRADA AGREGADA--NOMBRE PERSONAL
Nombre de persona González de Castejón y Elío, Francisco Javier,
Títulos y otros términos asociados al nombre Marqués de Vadillo
9 (RLIN) 58534
700 1# - ENTRADA AGREGADA--NOMBRE PERSONAL
Nombre de persona Dato, Eduardo,
Fechas asociadas al nombre 1856-1921
9 (RLIN) 42789
700 1# - ENTRADA AGREGADA--NOMBRE PERSONAL
Nombre de persona Salvador y Rodrigáñez, Amós,
Fechas asociadas al nombre 1845-1922
9 (RLIN) 102102
700 1# - ENTRADA AGREGADA--NOMBRE PERSONAL
Nombre de persona Aramburu y Zuloaga, Félix de,
Fechas asociadas al nombre 1848-1913
9 (RLIN) 22232
700 1# - ENTRADA AGREGADA--NOMBRE PERSONAL
Nombre de persona Sanz y Escartín, Eduardo,
Fechas asociadas al nombre 1855-1939
9 (RLIN) 103695
700 1# - ENTRADA AGREGADA--NOMBRE PERSONAL
Nombre de persona Ugarte y Pagés, Javier.
9 (RLIN) 111900
700 1# - ENTRADA AGREGADA--NOMBRE PERSONAL
Nombre de persona Santamaría de Paredes, Vicente,
Fechas asociadas al nombre 1853-1924
9 (RLIN) 103306
700 1# - ENTRADA AGREGADA--NOMBRE PERSONAL
Nombre de persona Alvarez del Manzano y Alvarez Rivera, Faustino.
9 (RLIN) 20790
700 1# - ENTRADA AGREGADA--NOMBRE PERSONAL
Nombre de persona Figueroa, Juan Armada y Losada,
Títulos y otros términos asociados al nombre Marqués de,
Fechas asociadas al nombre 1861-1932
9 (RLIN) 50781
700 1# - ENTRADA AGREGADA--NOMBRE PERSONAL
Nombre de persona Altamira, Rafael,
Fechas asociadas al nombre 1866-1951
9 (RLIN) 20515
700 1# - ENTRADA AGREGADA--NOMBRE PERSONAL
Nombre de persona Ureña y Smenjaud, Rafael de,
Fechas asociadas al nombre 1852-1930
9 (RLIN) 112127
852 ## - LOCALIZACIÓN
Ubicación ES-MaACL
Número de control de estantería K-191
Holdings
Estatus retirado Estado de pérdida Estado de daño No para préstamo Colección Biblioteca de origen Biblioteca actual Ubicación en estantería Fecha de adquisición Total de préstamos Signatura topográfica completa Código de barras Visto por última vez Precio de reemplazo Tipo de ítem Koha
        Periódicos y Revistas Biblioteca del Ateneo de Madrid Biblioteca del Ateneo de Madrid Administración 01/10/2009   K-191 1181511 23/02/2023 23/02/2023 Revista